000 00537nam a22001937a 4500
003 KOHA_MİRAKIL
005 20251224164722.0
008 251224b tu ||||| |||| 00| 0 tur d
020 _a9786257443586
040 _aTR-AnABB
_btur
_cTR-AnABB
041 _atur
082 _a419.8
_bYEL 2021
100 1 _aYelten, Muhammet,
245 1 0 _aOsmanlıca Türkçesi /
_cMuhammet Yelten
260 _aİstanbul :
_bİstanbul Arel Üniversitesi,
_c2021
300 _a285 sayfa ;
_c25 cm
650 0 4 _aOsmanlıca
942 _2ddc
_cBK
999 _c9973
_d9973
900 _bGizem YORULMAZ